00345 a2200109 4500001001000000005001700010008004100027245005400068100001900122773007700141999001700218ART_5013620260410162014.0260409a 10aUna reforma legítima, democrática y eficiente1 aMenem, Eduardo0 tTemas de derecho administrativog- Año 4, N° 11 (nov. 2019)wREV40468 c32476d32476